Statistics for It's Nice To Have A Friend - Taylor Swift (All Lyrics)

Click here to take the quiz!

General Stats

  • This quiz has been taken 12 times
  • The average score is 112 of 156

Answer Stats

Lyrics% Correct
a
90%
bell
90%
friend
90%
have
90%
Have
90%
It's
90%
me
90%
nice
90%
ring,
90%
rings,
90%
School
90%
To
90%
to
90%
covered
80%
home,
80%
home
80%
in
80%
Sidewalk
80%
snow
80%
walk
80%
you
80%
chalk
70%
fun
70%
hang
70%
like
70%
Lost
70%
my
70%
no
70%
note
70%
on
70%
(Ooh)
70%
Ooh
70%
out?"
70%
out
70%
pass
70%
sounds
70%
The
70%
the
70%
"Wanna
70%
we
70%
weekend
70%
yeah,
70%
Yeah,
70%
bed
60%
Call
60%
call
60%
carry
60%
day
60%
every
60%
games,
60%
gave
60%
give
60%
gloves,
60%
ground
60%
nerve
60%
one
60%
Rice
60%
Sleeping
60%
Something
60%
stay
60%
tents
60%
Video
60%
whole
60%
"Babe"
50%
back,
50%
bells
50%
bluff,
50%
Church
50%
curfew
50%
Feels
50%
hand
50%
looks
50%
questions,
50%
tell
50%
too
50%
touch
50%
Twenty
50%
up
50%
been
40%
down,
40%
lately,
40%
roof
40%
stressed
40%
truth
40%
Light
30%
pink
30%
sinks
30%
sky,
30%
Sun
30%
You've
30%

Score Distribution

Percentile by Number Answered

Percent of People with Each Score

Your Score History

You have not taken this quiz